Η μουσική του Πυθαγόρα
Saved in:
| Main Author: | |
|---|---|
| Format: | Book |
| Language: | Greek |
| Published: |
Θεσσαλονίκη :
Μαλλιάρης-Παιδεία,
c2008
|
| Subjects: | |
| Tags: |
Add Tag
No Tags, Be the first to tag this record!
|
MARC
| LEADER | 00000cam a2200000 i 4500 | ||
|---|---|---|---|
| 001 | 1/101989 | ||
| 008 | 090303s2008 gre d | ||
| 020 | |a 978-960-457-220-5 | ||
| 035 | |l 10103484 | ||
| 040 | |a GR-MY-UA |b gre |e aacr | ||
| 041 | 0 | |a gre | |
| 082 | 0 | |a 182.2 |2 (22) | |
| 100 | 1 | |a Σταθάτος, Πάνος. | |
| 245 | 1 | 2 | |a Η μουσική του Πυθαγόρα / |c Πάνος Σταθάτος |
| 260 | |a Θεσσαλονίκη : |b Μαλλιάρης-Παιδεία, |c c2008 | ||
| 300 | |a 92 σ.; |b εικ.; |c 21 εκ. | ||
| 504 | |a Περιέχει βιβλιογραφικές παραπομπές | ||
| 600 | 0 | 0 | |a Πυθαγόρας, |d π. 580-π. 500. |
| 650 | 0 | 0 | |a Pythagoras and Pythagorean School. |
| 852 | |a INST |b SAMOS |e 20090303 |h 182.2 ΣΤΑ |p 005300029244 |q 005300029244 |t BK |y 0 | ||
| 901 | |a BIBL3-2009-1 | ||
| 970 | |a ΡΟΥΣΣΟΥ |b ΚΩΝΣΤΑΝΤΙΝΑ |z 2009/03/03 | ||